000 01086nmm a2200301 a 4500
001 ocm0001299527
003 TR-IsHL
005 20201028162343.0
008 160715s2012 tu tur
007 cr cn
020 _a9786051313481
035 _a1299527
_b(N$T)
050 0 4 _aJQ1809.A15
_bC86 2012
090 0 4 _aJQ1809.A15
_bC86 2012
245 1 0 _aCumhuriyetin demokrasiyle imtihanı: söyleşi
_h[electronic resource] /
_chazırlayan Ahmet Yıldız ; editör Mehmet Akif Memmi
260 _aİstanbul :
_bEtkileşim,
_c2012
300 _a376 p.
650 4 _aPolitika ve Uluslararası İlişkiler
650 4 _aPolitics and International Relations
650 0 _aDemokrasi
_x Türkiye
650 0 _aDemocracy
_x Turkey
650 0 _aTürkiye
_x Siyaset ve yönetim
650 0 _aTurkey
_x Politics and government
650 7 _aPOLITICAL SCIENCE / Political Ideologies / Democracy
_2bisacsh
700 1 _aYıldız, Ahmet
700 1 _aMemmi, Mehmet Akif
856 4 0 _uhttp://search.ebscohost.com/login.aspx?direct=true&scope=site&db=e011xww&AN=1299527
999 _c14696
_d14696